[Event "RD-2014-0-00108"]
[Site "LSS email"]
[Date "2014.12.03"]
[Round "?"]
[White "Vio, Mauro"]
[Black "Garcia Cabrera, Juan Jose"]
[Result "1-0"]
[WhiteElo "1476"]
[BlackElo "1115"]
[PlyCount "99"]
[EventDate "2014.06.15"]
[EventType "tourn (corr)"]
[EventRounds "6"]
[EventCountry "GER"]
[SourceTitle "Corr 2015"]
[Source "ChessBase"]
[SourceDate "2015.07.17"]
[SourceVersion "1"]
[SourceVersionDate "2015.07.17"]
[SourceQuality "1"]

1. Nf3 Nf6 2. Nc3 d5 3. e3 Nc6 4. Bb5 Bg4 5. d4 e6 6. h3 Bxf3 7. Qxf3 Bb4 8. Bxc6+ bxc6 9. Bd2 0-0 10. 0-0 c5 11. Rfd1 cxd4 12. exd4 c5 13. dxc5 Bxc5 14. Re1 Rb8 15. b3 Bd4 16. Rad1 h6 17. Bf4 Bxc3 18. Qxc3 Rc8 19. Qd3 Qa5 20. a4 Qc3 21. Qxc3 Rxc3 22. Rd2 Ne4 23. Be5 Rc6 24. Rde2 f6 25. Bb2 Rfc8 26. c4 Nc5 27. cxd5 exd5 28. Re3 Rb8 29. Rc1 Rcc8 30. Rec3 Re8 31. Rxc5 Rxb3 32. Bd4 Rb4 33. Rxd5 Rxa4 34. Rc7 Re1+ 35. Kh2 Rd1 36. Rd8+ Kh7 37. Bxf6 Rxd8 38. Rxg7+ Kh8 39. Rxa7+ Kg8 40. Rxa4 Rd5 41. f4 Rd2 42. Ra7 h5 43. Kg3 Rc2 44. f5 Rc4 45. Kf3 h4 46. Bg5 Rc5 47. Kg4 Rc2 48. f6 Rxg2+ 49. Kf5 Rh2 50. Kg6 1-0

[Event "OP-2014-0-03535"]
[Site "LSS email"]
[Date "2014.10.23"]
[Round "?"]
[White "Zielaz, Tadeusz"]
[Black "Garcia Cabrera, Juan Jose"]
[Result "1-0"]
[WhiteElo "1236"]
[BlackElo "1206"]
[PlyCount "51"]
[EventDate "2014.10.19"]
[EventType "tourn (corr)"]
[EventRounds "4"]
[EventCountry "GER"]
[SourceTitle "Corr 2015"]
[Source "ChessBase"]
[SourceDate "2015.07.17"]
[SourceVersion "1"]
[SourceVersionDate "2015.07.17"]
[SourceQuality "1"]

1. e4 e5 2. Nf3 Nc6 3. Bc4 Bc5 4. Nc3 Nf6 5. 0-0 0-0 6. d3 Be7 7. Be3 d6 8. a3 Be6 9. Nd5 Bxd5 10. exd5 Nb8 11. Ba2 Nbd7 12. c4 Nb6 13. Qc2 Qd7 14. d4 e4 15. Nd2 Rae8 16. Nxe4 Nxe4 17. Qxe4 Bf6 18. Qd3 Qg4 19. Rae1 Re7 20. c5 Nd7 21. Qb5 Rfe8 22. cxd6 cxd6 23. Qb4 Nb6 24. Qxd6 Bxd4 25. Qb4 Rxe3 26. fxe3 1-0

[Event "OP-2014-0-03495"]
[Site "LSS email"]
[Date "2014.09.08"]
[Round "?"]
[White "Garcia Cabrera, Juan Jose"]
[Black "Bezrukov, Andrej"]
[Result "0-1"]
[WhiteElo "1115"]
[BlackElo "1747"]
[PlyCount "44"]
[EventDate "2014.09.03"]
[EventType "tourn (corr)"]
[EventRounds "4"]
[EventCountry "GER"]
[SourceTitle "Corr 2015"]
[Source "ChessBase"]
[SourceDate "2015.07.17"]
[SourceVersion "1"]
[SourceVersionDate "2015.07.17"]
[SourceQuality "1"]

1. e4 e5 2. Nf3 Nc6 3. Bb5 Nf6 4. 0-0 Nxe4 5. d4 Nd6 6. Bxc6 dxc6 7. dxe5 Nf5 8. Qxd8+ Kxd8 9. c4 Be6 10. b3 b6 11. Nc3 Kc8 12. g4 Ne7 13. h3 Ng6 14. Bb2 h5 15. Nd4 Bd7 16. e6 fxe6 17. Rfe1 Nf4 18. Re3 e5 19. Nf5 hxg4 20. hxg4 g6 21. Ng3 Bc5 22. Rxe5 Bxf2+ 0-1

[Event "RD-2014-0-00107"]
[Site "LSS email"]
[Date "2014.09.08"]
[Round "?"]
[White "Garcia Cabrera, Juan Jose"]
[Black "Laffont, Jose Eduardo Alfred"]
[Result "0-1"]
[WhiteElo "1206"]
[BlackElo "1626"]
[PlyCount "64"]
[EventDate "2014.05.16"]
[EventType "tourn (corr)"]
[EventRounds "6"]
[EventCountry "GER"]
[SourceTitle "Corr 2015"]
[Source "ChessBase"]
[SourceDate "2015.07.17"]
[SourceVersion "1"]
[SourceVersionDate "2015.07.17"]
[SourceQuality "1"]

1. e4 e5 2. Nf3 Nc6 3. Bb5 d6 4. d4 Bd7 5. Nc3 Nf6 6. 0-0 Be7 7. Qd3 exd4 8. Nxd4 Nxd4 9. Qxd4 Bxb5 10. Nxb5 0-0 11. c4 Re8 12. Re1 c6 13. Nc3 Nd7 14. Bf4 Ne5 15. Bxe5 dxe5 16. Qxe5 Bf6 17. Qg3 Qd4 18. Rac1 Be5 19. Qf3 Qxc4 20. b3 Qb4 21. Na4 Rad8 22. g3 Rd2 23. Re2 Red8 24. Rc2 R2d3 25. Qf5 Qe7 26. Nc5 g6 27. Qh3 Rd1+ 28. Kg2 h5 29. b4 b6 30. Nb3 Qxb4 31. Rxc6 Qb5 32. Rec2 Qf1+ 0-1